000 00561nam a2200181Ia 4500
003 IN-BaIIA
008 211028s9999 xx 000 0 eng d
040 _cIIA Library
080 _a530.1
_bSAH
100 _aSaha, M. N
_91840
245 2 _aA treatise on modern physics
_bvol. I, atom, molecules and nuclei
_cM. N. Saha and N. K. Saha
260 _aAllahabad
_bThe Indian Press
_c1934
300 _axii, 856p.
650 _aNASA Thesaurus
650 _aPhysics
_973
700 _aSaha, N. K.
_91841
942 _cBK
999 _c865
_d865